000 00373nam a2200121 i 4500
001 bg
245 0 _aRegulamin czynności sądów wojewódzkich i powiatowych w sprawach cywilnych i karnych... :
_bwg. stanu prawnego na dzień 30 kwietnia 1973r.
260 _aWarszawa,
_c1973.
040 _cBPK
041 _apol
942 _cKS
008 s pl f |000 0 pol
999 _c26701
_d26701
856 _uhttp://koha.tu.koszalin.pl/cgi-bin/koha/opac-detail.pl?biblionumber=26701
_yKatalog online BPK